00922ntm a22002177a 450000500170000000800410001704000280005808200170008610000340010324501200013726000100025730000360026750001810030359000220048465000400050665300230054665500090056994200080057899900170058695201010060320170810125726.0170802s2013 xx a frb 000 0 eng d aEG-ScBUEbengcEG-ScBUE04222a624bRAS1 aRasoul, Ahmed Hesham Mahmoud.10aInvestigating the challenges of the mega projects in the developing countries /cby Ahmed Hesham Mahmoud Elrasoul.  c2013. a42 p. :bill. (col.) ;c28 cm.  aA dissertation submitted to the faculty of engineering the British university in Egypt in partial fulfillment of the requirements for the bachelor degree in Civil Engineering  aNOURA TARK KAMAL. 72BUEshaCivil Engineering.vProjects bENGCIVcAugust2017 vSPRO 2ddc c25375d25347 00102ddc4070aMAINbMAINc2NDd2017-08-09l0o624 ELRp000046600r2025-07-15 00:00:00yPROJST